00533nam a22001457a 4500008004100000082001900041110003500060245004800095260005700143300000900200440005600209942001200265999001300277952009700290230602b xxu||||| |||| 00| 0 eng d a967.62041bKEN bKenya Yearbook Editorial Board aKenyatta CabinetsbDrama. Intrigue. Triumph aNairobi, KenyabKenya Yearbook Editorial Boardc2012 a368p pThe Kenya Yearbook Editorial Board Biography Series 2ddccBK c107d107 00102ddc4070a001b001d2023-06-02l0o967.62041 KENp1000303r2023-06-02w2023-06-02yBK